Thinkwell's intermediate algebra

The content includes real numbers; equations and inequalities; exponents and polynomials; rational expressions; roots and radicals; relations and functions; the straight line; systems of equations; quadratic equations and inequalities; conic sections; inverse, exponential, and logarithmic functions

שמור ב:
מידע ביבליוגרפי
מחבר ראשי: Burger, Edward
פורמט: ספר
שפה:Undetermined
יצא לאור: [Austin, Tex.] Thinkwell 2004.
נושאים:
תגים: הוספת תג
אין תגיות, היה/י הראשונ/ה לתייג את הרשומה!
Thư viện lưu trữ: Trung tâm Học liệu Trường Đại học Cần Thơ
LEADER 00824nam a2200205Ia 4500
001 CTU_102523
008 210402s9999 xx 000 0 und d
020 |c 23.98 
082 |a 512.9 
082 |b B954/Dis.1 
100 |a Burger, Edward 
245 0 |a Thinkwell's intermediate algebra 
245 0 |c Edward Burger 
260 |a [Austin, Tex.] 
260 |b Thinkwell 
260 |c 2004. 
520 |a The content includes real numbers; equations and inequalities; exponents and polynomials; rational expressions; roots and radicals; relations and functions; the straight line; systems of equations; quadratic equations and inequalities; conic sections; inverse, exponential, and logarithmic functions 
650 |a Algebra,Algebra 
904 |i M.Loan, H. Mai 
980 |a Trung tâm Học liệu Trường Đại học Cần Thơ